Electronics mathematics

Đã lưu trong:
书目详细资料
主要作者: Munz, Georgery J.
格式: 图书
语言:Undetermined
出版: New York McGraw-Hill 1967
主题:
标签: 添加标签
没有标签, 成为第一个标记此记录!
Thư viện lưu trữ: Trung tâm Học liệu Trường Đại học Cần Thơ
LEADER 00511nam a2200181Ia 4500
001 CTU_19757
008 210402s9999 xx 000 0 und d
082 |a 513.12 
082 |b N972/Vol.2 
100 |a Munz, Georgery J. 
245 0 |a Electronics mathematics 
245 0 |c Georgery J. Munz, William L. Shaw 
260 |a New York 
260 |b McGraw-Hill 
260 |c 1967 
650 |a Calculus,Mathematics,Trigonometry,Algebra 
904 |i Minh 
980 |a Trung tâm Học liệu Trường Đại học Cần Thơ